El oso Bussi: viajes emocionantes por la ciudad
Saved in:
| Main Author: | |
|---|---|
| Format: | Book |
| Language: | Spanish |
| Published: |
Barcelona
IMGESA
1990
|
| Edition: | 6a. ed |
| Series: | Libros Mini Arco
|
| Subjects: | |
| Tags: |
Add Tag
No Tags, Be the first to tag this record!
|
MARC
| LEADER | 00000nam a2200000 a 4500 | ||
|---|---|---|---|
| 001 | UCN2110 | ||
| 003 | CL-VaPUC | ||
| 008 | 010511e19900000SP |||||||||||||||||spa|d | ||
| 082 | 0 | 4 | |a 372.21 |b KAU |2 21 |
| 100 | 0 | |a Kaufka, Rolf |e author |9 457719 | |
| 245 | 1 | 3 | |a El oso Bussi: viajes emocionantes por la ciudad |
| 246 | 1 | 0 | |a Mini Arco: juegos para niños en edad preescolar |
| 250 | |a 6a. ed | ||
| 300 | |a 23 p | ||
| 942 | |c BK | ||
| 945 | |d 20010511 00:00:00 |a cmena | ||
| 260 | |a Barcelona |b IMGESA |c 1990 | ||
| 650 | 0 | |a Ejercicios |9 269807 | |
| 650 | 0 | |a Educación preescolar |9 260381 | |
| 650 | 0 | |a Métodos de enseñanza |9 270413 | |
| 583 | |a last modification |c 20010511 00:00:00 |k Rodrigo Vera | ||
| 490 | 0 | |a Libros Mini Arco | |
| 999 | |c 295267 |d 295265 | ||
| 952 | |0 0 |1 0 |2 ddc |4 0 |6 372_210000000000000_KAU_1990 |7 0 |8 A |9 348242 |a BIBEDU |b BIBEDU |c GEN |d 2019-11-20 |i 3722805 |o 372.21 KAU 1990 |p 3722805 |r 2019-11-20 |w 2019-11-20 |y BK |k EPE | ||